000 00266nam a2200097Ia 4500
001 1116029
005 20250827004038.0
008 250824s9999 xx 000 0 und d
245 0 _aAKILLI TÜRK MAKUL TARİH G4 15
_cİHSAN FAZLIOĞLU
260 _bKETEBE YAYINLARI
999 _c1116029
_d1116029